000
00325cam a2200133ua 4500
003
OSt
008
240320b |||||||| |||| 00| 0 eng d
041
_a
eng
082
_a
621.8076
_b
GAT/ME
245
_a
Gate 2008: Mechanical engineering /
260
_a
New Delhi :
_b
G K Publishers ,
_c
2008.
300
_a
; .
942
_c
BK
999
_c
13386
_d
13386